Forage husbandry / (Record no. 11340)

000 -LEADER
fixed length control field 00689cam a2200217 a 4500
020 ## - INTERNATIONAL STANDARD BOOK NUMBER
ISBN 0333668561 (pbk.)
020 ## - INTERNATIONAL STANDARD BOOK NUMBER
ISBN 9780333668566 (pbk.)
040 ## - CATALOGING SOURCE
Transcribing agency UKM
082 04 - DEWEY DECIMAL CLASSIFICATION NUMBER
Classification number 633 MAC 1998 A036 Or.
100 1# - MAIN ENTRY--AUTHOR NAME
Personal name Bayer, Wolfgang.
245 10 - TITLE STATEMENT
Title Forage husbandry /
260 ## - PUBLICATION, DISTRIBUTION, ETC. (IMPRINT)
Place of publication London :
Name of publisher Macmillan,
Year of publication 1998.
300 ## - PHYSICAL DESCRIPTION
Number of Pages ix, 198 p. :
Other physical details ill. ;
Dimensions 22 cm.
490 1# - SERIES STATEMENT
Series statement The tropical agriculturalist
500 ## - GENERAL NOTE
General note Published in cooperation with the CTA (Technical Centre for Agriculture and Rural Cooperation).
650 #0 - SUBJECT ADDED ENTRY--TOPICAL TERM
Topical Term Forage plants
650 #0 - SUBJECT ADDED ENTRY--TOPICAL TERM
Topical Term Range management
700 1# - ADDED ENTRY--PERSONAL NAME
Personal name Waters-Bayer, Ann.
710 2# - ADDED ENTRY--CORPORATE NAME
Corporate name or jurisdiction name as entry element Technical Centre for Agricultural and Rural Co-operation.
942 ## - ADDED ENTRY ELEMENTS (KOHA)
Koha item type សៀវភៅភាសាអង់គ្លេស

No items available.

មជ្ឈមណ្ឌលឯការនៃសាកលវិទ្យាល័យភូមិន្ទកសិកម្មចំការដូង

Powered by Koha